000 01133cam a2200205 4500
001 E83657
008 090401t1997 xxu||||| |||| 00| 0 eng d
035 _a(Sirsi) u98333
041 _aeng
245 _aMcGuire v Monklands District Council
260 _c1997
350 _a0
490 _aGreens Housing Law Reports
_v1997 HousLR 41-44(4)
520 _aSheriffdom of South Strathclyde, Dumfries and Galloway at Ayr. Sheriff I C Simpson. 9 February 1996. Landlord and tenant - duties of landlord to maintain subjects of tenancy in tenantable and habitable condition and reasonably fit for human habitation - notice of defects given to landlord`s employees -whether notice of defective state of premises. Process - pleading - relevancy - landlord and tenant - action for damages for dampness - landlord averring fault on part of tenant - whether averrments of fault relevant. Damages - amount - solatium - dampness and smell in house making it depressing to live in.
650 _aBUILDING DEFECTS
650 _aDAMPNESS
690 _aLANDLORD AND TENANT-CASE LAW-RESIDENTIAL TENANCIES
942 _n0
948 _c29/04/1997
999 _c99166
_d99166